01019cam a2200301 i 45000010008000000030009000080050017000170080041000340100017000750150015000920200025001070400023001320410008001550500024001630820015001871000041002022450069002432600041003123000021003535040030003746500020004046500010004246500023004349060045004579420012005029520186005149990017007002693390BDDh-ASL20231015031343.0750416s1974 enk b 000 0 eng  a 75309877  aGB75-01402 a0340187034 :c£2.95 aDLCcBDDh-ASLdDLC aeng00aBV4501.2b.G58 197400a248.4bGLW1 aGlubb, John Bagot,cSir,d1897-1986.14aThe way of love :blessons from a long life /cJohn Bagot Glubb. aLondon :bHodder & Stoughton,c1974. a192 p. ;c21 cm. aBibliography: p. 189-192. 0aChristian life. 0aLove. 0aGod (Christianity) a7bcbccorignewd3encipf19gy-gencatlg 2ddccBK 00102ddc40708NFICaASLbASLcGENd2023-04-26eDonated by Prof. Husniara Huq - A.K.M Azizul Haq Collectionl0o248.4 GLWp120905r2023-04-26 00:00:00tC-1w2023-04-26yBKzY-1974 c32111d32111